000 002750000a22000970004500
100 1 _aIbañez Arana, Andrés
245 1 0 _aEx. 3,14a : Explicación de un nombre singular, YHWH
300 _avol. 57, núm 1 (1999), Páginas 375-388
773 0 _tEstudios Bíblicos
942 _cANA
999 _c50294
_d50294